| 000 | 00481cam a2200193ua 4500 | ||
|---|---|---|---|
| 020 | _c85.00 | ||
| 041 |
_aeng _h |
||
| 082 |
_a025.52 _bSHA/IN |
||
| 100 | _aShaema, E D . | ||
| 245 |
_aInformation services for college librarians / _cE D Shaema. _hTextual Documents |
||
| 250 |
_a1 / _b. |
||
| 260 |
_a : _bPrint Well Publishers , _c1985. |
||
| 300 | _a156 ; . | ||
| 365 | _a85.00 | ||
| 504 | _a | ||
| 700 | 1 | _aNaresh, Boolia . | |
| 942 | _cBK | ||
| 999 |
_c5571 _d5571 |
||